| 000 | 00449nam a22001817a 4500 | ||
|---|---|---|---|
| 003 | CEME | ||
| 005 | 20210628202055.0 | ||
| 008 | 210224b xxu||||| |||| 00| 0 eng d | ||
| 020 | _a0-7506-4640-3 | ||
| 040 | _c. | ||
| 082 | _a004.2 IBR | ||
| 100 |
_aIbrahim, Dogan _958160 |
||
| 245 | _aMicrocontroller projects in c the 8051 | ||
| 260 |
_aOXFORD _bNEWNES _c2000 |
||
| 300 | _aVIII,176P | ||
| 650 |
_aMICROCONTROLLER _958161 |
||
| 942 |
_cBK _2ddc |
||
| 999 |
_c568371 _d568371 |
||